| 000 -LEADER |
| fixed length control field |
00463cam a22001097a 4500 |
| 008 - FIXED-LENGTH DATA ELEMENTS--GENERAL INFORMATION |
| fixed length control field |
180718b1968 xxu||||| |||| 00| 0 eng d |
| 082 ## - DEWEY DECIMAL CLASSIFICATION NUMBER |
| Classification number |
N403x41 Un3p |
| 245 ## - TITLE STATEMENT |
| Title |
Report of inquiry in respect of the objection to the proposed compulsory amalgamation of the police areas of the county of inverness and the burgh of inverness |
| Statement of responsibility, etc. |
by Her Majesty's Stationery Office |
| 260 ## - PUBLICATION, DISTRIBUTION, ETC. |
| Place of publication, distribution, etc. |
Edinburgh |
| Name of publisher, distributor, etc. |
The author |
| Date of publication, distribution, etc. |
1968 |
| 300 ## - PHYSICAL DESCRIPTION |
| Extent |
14p. |
| 700 ## - ADDED ENTRY--PERSONAL NAME |
| Personal name |
Her Majesty's Stationery Office |